Statistics for Every Super Bowl Matchup

Click here to take the quiz!

General Stats

  • This quiz has been taken 78 times
  • The average score is 46 of 57

Answer Stats

HintAnswer% Correct
52Eagles vs Patriots
94%
51Patriots vs Falcons
94%
36Patriots vs Rams
94%
53Patriots vs Rams
94%
57Chiefs vs Eagles
92%
46Giants vs Patriots
92%
42Giants vs Patriots
92%
1Packers vs Chiefs
92%
49Patriots vs Seahawks
92%
55Buccaneers vs Chiefs
91%
56Rams vs Bengals
91%
47Ravens vs 49ers
91%
44Saints vs Colts
91%
48Seahawks vs Broncos
91%
43Steelers vs Cardinals
89%
2349ers vs Bengals
87%
1649ers vs Bengals
87%
50Broncos vs Panthers
87%
54Chiefs vs 49ers
87%
41Colts vs Bears
87%
45Packers vs Steelers
87%
27Cowboys vs Bills
85%
28Cowboys vs Bills
85%
30Cowboys vs Steelers
85%
25Giants vs Bills
85%
3Jets vs Colts
83%
10Steelers vs Cowboys
83%
13Steelers vs Cowboys
83%
40Steelers vs Seahawks
83%
32Broncos vs Packers
81%
38Patriots vs Panthers
81%
2949ers vs Chargers
79%
20Bears vs Patriots
79%
39Patriots vs Eagles
79%
34Rams vs Titans
79%
35Ravens vs Giants
77%
26Redskins vs Bills
77%
33Broncos vs Falcons
75%
4Chiefs vs Vikings
75%
8Dolphins vs Vikings
75%
9Steelers vs Vikings
75%
37Buccaneers vs Raiders
74%
12Cowboys vs Broncos
74%
2449ers vs Broncos
72%
7Dolphins vs Redskins
72%
31Packers vs Patriots
72%
2Packers vs Raiders
72%
6Cowboys vs Dolphins
68%
15Raiders vs Eagles
68%
14Steelers vs Rams
68%
11Raiders vs Vikings
66%
5Colts vs Cowboys
64%
1949ers vs Dolphins
62%
21Giants vs Broncos
62%
18Raiders vs Redskins
60%
22Redskins vs Broncos
60%
17Redskins vs Dolphins
57%

Score Distribution

Percentile by Number Answered

Percent of People with Each Score

Your Score History

You have not taken this quiz